Which Sitcom Are They From? Quiz Stats

Quiz Updated Jan 29, 2018

Also try: 50 Divided Sitcoms
Challenge
Share
Tweet
Embed
Score 0/20 Timer 05:00
2 Plays Today
Question Answer Wrong Answers
Barney Rubble The Flintstones
94.5%
The Carmichael Show
1.4%
I Love Lucy
1.2%
Friends
0.9%
Brian Griffin Family Guy
94.4%
Bob's Burgers
1.8%
The Flintstones
0.3%
You're the Worst
1.6%
Alex Dunphy Modern Family
88.8%
Seinfeld
2.3%
The Golden Girls
2.9%
Bewitched
3.7%
Robin Sherbatsky How I Met Your Mother
88%
Roseanne
3.9%
American Dad
3.6%
Happy Days
2.1%
Elaine Benes Seinfeld
86.6%
Happy Days
2.7%
The Middle
2.9%
Everyone Loves Raymond
5.5%
Ricky Ricardo I Love Lucy
86.3%
It's Always Sunny in Philadelphia
5.2%
Cheers
4.3%
The Office (US)
2.1%
Carla Tortelli Cheers
85.6%
The Simpsons
1.9%
South Park
3%
Seinfeld
7%
Michael Scott The Office (US)
85.5%
The Office (UK)
8%
Parks and Recreation
3.4%
Frasier
1.1%
Archie Bunker All in the Family
84.9%
Veep
4.7%
Louie
5%
Baskets
3%
Wendy Testaburger South Park
82.5%
Modern Family
6.1%
Seinfeld
6%
Friends
2.6%
Amy Farrah Fowler The Big Bang Theory
78.8%
Family Guy
1.2%
Veep
11.7%
Will and Grace
6%
Marion Cunningham Happy Days
77.5%
Parks and Recreation
4.2%
How I Met Your Mother
3%
Portlandia
12.8%
Ann Perkins Parks and Recreation
76.2%
30 Rock
9.5%
Cheers
2.6%
Black-ish
9%
Gunther Friends
74.5%
The Cosby Show
3.5%
Will and Grace
7%
Arrested Developement
12.8%
Dennis Reynolds It's Always Sunny in Philadelphia
71.8%
The Office (UK)
11.4%
Malcolm in the Middle
7%
Two and a Half Men
6.9%
Otto Mann The Simpsons
69.8%
All in the Family
4.5%
The Beverly Hillbillies
9.2%
Black-ish
13.9%
Linda Belcher Bob's Burgers
69.1%
Frasier
6.2%
Veep
16.9%
Modern Family
5.1%
Titus Andromedon Unbreakable Kimmy Schmidt
45.4%
Brooklyn Nine-Nine
7.4%
Futurama
39.7%
The Mindy Project
4.9%
Stevie Kenarban Malcolm in the Middle
40.3%
Fresh off the Boat
19.8%
M*A*S*H
15.5%
The Middle
21.3%
Paul L'Astname 30 Rock
29.1%
I Love Lucy
3.7%
Unbreakable Kimmy Schmidt
15.5%
Portlandia
48.7%

You're not logged in!

Compare scores with friends on all Sporcle quizzes.
Sign Up with Email
OR
Log In

You Might Also Like...

Show Comments

Extras

Top Quizzes Today


Score Distribution

Your Account Isn't Verified!

In order to create a playlist on Sporcle, you need to verify the email address you used during registration. Go to your Sporcle Settings to finish the process.

Report this User

Report this user for behavior that violates our Community Guidelines.

Details: